00733cam a22002171 450000100060000000300080000600500170001400800390003103500190007003500190008904000290010804100080013708200230014524500770016826000330024530000240027850400200030250501470032265000200046970000260048919416BD-RjUL20211209000429.0140224s1966 enk 001 1 eng a(BD-RjUL)19476 a(OCoLC)6819593 aDLCcPEdiSdBD-RjULbeng aeng00a821.9108bNIN 196610aNine modern poets :ban anthology /cselected and edited by E. L. Black. aLondon :bMacmillan,cc1966. ax, 230 p. ;c21 cm. aIncludes index.0 aW. B. Yeats. -- Wilfred Owen. -- T. S. Eliot. -- John Bejeman. -- W. H. Auden. R. S. Thomas. -- Dylan Thomas. -- Philip Larkin. -- Ted Hughes. 0aEnglish poetry.1 aBlack, Edward Loring,